A survey of basic accounting (Record no. 80843)

MARC details
000 -LEADER
fixed length control field 01362nam a2200253 a 4500
008 - FIXED-LENGTH DATA ELEMENTS--GENERAL INFORMATION
fixed length control field 120416s1981 ||||||||||||||||| || u
020 ## - INTERNATIONAL STANDARD BOOK NUMBER
International Standard Book Number 0256024715
050 ## - LIBRARY OF CONGRESS CALL NUMBER
Classification number HF 5635 Sal
100 ## - MAIN ENTRY--PERSONAL NAME
Personal name Hermanson, Roger H
245 12 - TITLE STATEMENT
Title A survey of basic accounting
250 ## - EDITION STATEMENT
Edition statement 3rd ed.
260 ## - PUBLICATION, DISTRIBUTION, ETC.
Place of publication, distribution, etc. Homewood, Ill.
Name of publisher, distributor, etc. Irwin
Date of publication, distribution, etc. 1981
300 ## - PHYSICAL DESCRIPTION
Extent xiii, 606p. : ill.
350 ## -
-- 0.00
490 ## -
-- The Willard J. Graham series in accounting
650 #0 - SUBJECT ADDED ENTRY--TOPICAL TERM
Topical term or geographic name entry element ACCOUNTING--HANDBOOKS, MANUALS, ETC
700 ## - ADDED ENTRY--PERSONAL NAME
Personal name Edwards, James Don
700 ## - ADDED ENTRY--PERSONAL NAME
Personal name Salmonson, Roland Frank
995 ## -
-- MAIN LIBRARY OPEN ACCESS
-- 0.00
-- 006288
-- CBU-MAIN LIBRARY (Kitwe)
-- 1
-- 21.95
-- HF 5635 Sal
-- AVAILABLE
-- 006288
-- Main Library Open Access Collection
995 ## -
-- MAIN LIBRARY OPEN ACCESS
-- 0.00
-- 006289
-- CBU-MAIN LIBRARY (Kitwe)
-- 2
-- 21.95
-- HF 5635 Sal
-- AVAILABLE
-- 006289
-- Main Library Open Access Collection
995 ## -
-- ANNEX COLLECTION (Main Library)
-- 0.00
-- 711352
-- CBU-MAIN LIBRARY (Kitwe)
-- 4
-- 21.95
-- HF 5635 Sal
-- AVAILABLE
-- 006290
-- Annex Low-Usage Collection
995 ## -
-- ANNEX COLLECTION (Main Library)
-- 0.00
-- 710845
-- CBU-MAIN LIBRARY (Kitwe)
-- 5
-- 21.95
-- HF 5635 Sal
-- AVAILABLE
-- 006291
-- Annex Low-Usage Collection
995 ## -
-- ANNEX COLLECTION (Main Library)
-- 0.00
-- 704507
-- CBU-MAIN LIBRARY (Kitwe)
-- 1
-- 0.00
-- HF 5635 Sal
-- AVAILABLE
-- Feb 8, 2007
-- 006287
-- Annex Low-Usage Collection
999 ## -
-- 80843
-- 80843
Holdings
Withdrawn status Lost status Source of classification or shelving scheme Damaged status Not for loan Permanent Location Current Location Shelving location Date acquired Total Checkouts Full call number Barcode Date last seen Copy number Price effective from Koha item type
          CBU-MAIN LIBRARY, KITWE. CBU-MAIN LIBRARY, KITWE.   07/11/2023   HF 5635 Sal 006288 07/11/2023 1 07/11/2023 MONOGRAPH
          CBU-MAIN LIBRARY, KITWE. CBU-MAIN LIBRARY, KITWE.   07/11/2023   HF 5635 Sal 006289 07/11/2023 2 07/11/2023 MONOGRAPH
Withdrawn         CBU-MAIN LIBRARY, KITWE. CBU-MAIN LIBRARY, KITWE.   07/11/2023   HF 5635 Sal 006290 07/11/2023 3 07/11/2023 MONOGRAPH
          CBU-MAIN LIBRARY, KITWE. CBU-MAIN LIBRARY, KITWE.   07/11/2023   HF 5635 Sal 006291 07/11/2023 4 07/11/2023 MONOGRAPH
          CBU-MAIN LIBRARY, KITWE. CBU-MAIN LIBRARY, KITWE.   07/11/2023   HF 5635 Sal 006287 07/11/2023 5 07/11/2023 MONOGRAPH